Statistics for 10 Biggest Cities in Order: Germany

Click here to take the quiz!

General Stats

  • This quiz has been taken 77 times
  • The average score is 8 of 10

Answer Stats

# Answer % Correct
1Berlin
100%
2Hamburg
99%
3Munich
97%
5Frankfurt
88%
4Cologne
85%
6Stuttgart
76%
7Düsseldorf
71%
9Essen
57%
8Dortmund
56%
10Bremen
50%

Score Distribution

Percentile by Number Answered

Percent of People with Each Score

Your Score History

You have not taken this quiz